01120nab a22002177a 4500003000400000005001700004008004100021040000700062100003400069245012500103260004200228300001300270500003700283505028700320505008900607650002000696650002400716650002500740650002300765773011400788OSt20260225102002.0190506c xxu||||| |||| 00| 0 spa d cPJ aSánchez, María Verónica10aNuevas formas de impulsar la generación de empleo. Empleos verdes. Futuro del trabajo /cMaría Verónica Sánchez. aBuenos Aires :bAbeledoPerrot,c2025. ap. 13-30 aCita: TR LALEY AR/DOC/3180/2024. aSumario: I. Introducción.— II. Acuerdo de París.— III. Empleos verdes y transición justa.— IV. Alianza PAGE.— V. Profesiones verdes. Fuente e empleos verdes. Recursos renovables.— VI. Leyes nacionales en medio ambiente.— VII. Conclusión.— VIII. Bibliografía. t¿Te interesa el texto completo? Comunicate al correo: koha@justierradelfuego.gov.ar 0aDERECHO LABORAL 0aCONTRATO DE TRABAJO 0aRELACIONES LABORALES 0aRECURSOS NATURALES0 02751dBuenos Aires : AbeledoPerrot, 2013-tRevista de derecho laboral y seguridad social. Nº 2 - Enero 2025